000 01423nam a2200277Ia 4500
999 _c52991
_d52991
001 20022
003 GE_BSU
005 20250414114201.0
008 181216s2006||||ge |||||||||||||| ||geo||
020 _a99940-61-21-6
040 _cGE_BSU
041 _ageo
080 _a343.237 მ-43
100 _aმახარაძე, ადამ
_95625
245 _aსისხლისსამართლებრივი პასუხისმგებლობა დანაშაულში დახმარებისათვის /
_cადამ მახარაძე ; რედ. : ო. გამყრელიძე.
264 _aთბილისი :
_bუნივერსალი,
_c2006.
300 _a264 გვ. ;
_c20 სმ.
504 _aბიბლიოგრ. ტექსტ. შენიშვნ.
541 _h10 ლ.
653 _aსამართალი
653 _aსისხლისსამართლებრივი პასუხისმგებლობა დანაშაულში დახმარებისათვის
653 _aსისხლის სამართლის პასუხისმგებლობა
653 _aთანამონაწილეობა დანაშაულში
700 _aგამყრელიძე, ო.
_eრედაქტორი
_924776
942 _cBK
_2udc